| 000 | 01202cam a2200253 4500 | ||
|---|---|---|---|
| 001 | ABS64670 | ||
| 008 | 011029n2001 000 0 eng u | ||
| 035 | _a(Sirsi) u115355 | ||
| 100 | _aMinton, A | ||
| 245 | _aHousing targets in the firing line | ||
| 260 | _c2001 | ||
| 490 |
_aEstates Gazette _v(0142) 20 October 2001, 61-63(3) |
||
| 520 | _aLondon housebuilders have called for a 25% cap on social housing quotas as a response to a proposed increase in affordable housing targets. Article presents both sides of the argument on affordable housing targets. Developers claim that the 50% target is unachievable, will negatively affect land values and are concerned that affordable housing costs will be offloaded onto the private sector. However, a GLA commissioned study into the financial viability of the 50% target in London boroughs found that increasing public subsidy would make the target achievable in two-thirds of the boroughs. | ||
| 590 | _aABS | ||
| 650 | _aPLANNING POLICY | ||
| 650 | _aPUBLIC SUBSIDY | ||
| 650 | _aLAND VALUES | ||
| 650 | _aSOCIAL HOUSING | ||
| 650 | _aLONDON | ||
| 650 | _aHOUSE BUILDERS | ||
| 650 | _aTARGETS | ||
| 690 | _aHOUSING | ||
| 942 | _n0 | ||
| 999 |
_c68703 _d68703 |
||